| 000 | 00524nam a2200169 a 4500 | ||
|---|---|---|---|
| 005 | 20140412111318.0 | ||
| 008 | 010323s19uu xx 00 eng d | ||
| 020 | _a971-360-354-0 | ||
| 050 |
_aFil 398.21 _bC987 1994 |
||
| 100 | _aCustodio, R. M. | ||
| 245 |
_a"Si Ninya": ang pintaserang sirena / _cstory by R. M. Custodio. |
||
| 260 |
_aValenzuela, Metro Manila : _bS. G. E. Printers, _c1994. |
||
| 300 | _a30 p. ; ill. | ||
| 650 | _aChildren stories, Filipino | ||
| 650 | _aMermaid stories, Filipino | ||
| 999 |
_c104309 _d104309 |
||